LECTURE NOTES ON OBSTETRICS AND GYNAECOLOGY (Record no. 29645)

MARC details
000 -LEADER
fixed length control field 00441nam a22001697a 4500
003 - CONTROL NUMBER IDENTIFIER
control field OSt
005 - DATE AND TIME OF LATEST TRANSACTION
control field 20220209105414.0
008 - FIXED-LENGTH DATA ELEMENTS--GENERAL INFORMATION
fixed length control field 220209b |||||||| |||| 00| 0 eng d
020 ## - INTERNATIONAL STANDARD BOOK NUMBER
International Standard Book Number 0-632-04957-X
040 ## - CATALOGING SOURCE
Original cataloging agency DDC
Transcribing agency HU
082 ## - DEWEY DECIMAL CLASSIFICATION NUMBER
Edition number 1ST
Classification number 618
Item number 9
100 ## - MAIN ENTRY--PERSONAL NAME
Personal name GEOFFREY CHAMBERLAIN
9 (RLIN) 30010
245 ## - TITLE STATEMENT
Title LECTURE NOTES ON OBSTETRICS AND GYNAECOLOGY
250 ## - EDITION STATEMENT
Edition statement 1ST
260 ## - PUBLICATION, DISTRIBUTION, ETC.
Place of publication, distribution, etc. OXFORD
Name of publisher, distributor, etc. BLACKWELL SCIENCE LTD
Date of publication, distribution, etc. 1999
942 ## - ADDED ENTRY ELEMENTS (KOHA)
Source of classification or shelving scheme Dewey Decimal Classification
Koha item type Books like text book referance book
Suppress in OPAC No
Holdings
Withdrawn status Lost status Source of classification or shelving scheme Damaged status Not for loan Home library Current library Date acquired Total Checkouts Full call number Barcode Date last seen Copy number Price effective from Koha item type
    Dewey Decimal Classification     College of Medicine and Health’s Sciences Library College of Medicine and Health’s Sciences Library 02/09/2022   618-C2-1999 CMHSL00009692 02/09/2022 1 02/09/2022 Books like text book referance book
    Dewey Decimal Classification     College of Medicine and Health’s Sciences Library College of Medicine and Health’s Sciences Library 02/09/2022   618-C2-1999 CMHSL00009693 02/09/2022 2 02/09/2022 Books like text book referance book
    Dewey Decimal Classification     College of Medicine and Health’s Sciences Library College of Medicine and Health’s Sciences Library 02/09/2022   618-C2-1999 CMHSL00009694 02/09/2022 3 02/09/2022 Books like text book referance book
    Dewey Decimal Classification     College of Medicine and Health’s Sciences Library College of Medicine and Health’s Sciences Library 02/09/2022   618-C2-1999 CMHSL00009695 02/09/2022 4 02/09/2022 Books like text book referance book
    Dewey Decimal Classification     College of Medicine and Health’s Sciences Library College of Medicine and Health’s Sciences Library 02/09/2022   618-C2-1999 CMHSL00009696 02/09/2022 5 02/09/2022 Books like text book referance book
    Dewey Decimal Classification     College of Medicine and Health’s Sciences Library College of Medicine and Health’s Sciences Library 02/09/2022   618-C2-1999 CMHSL00009697 02/09/2022 6 02/09/2022 Books like text book referance book
    Dewey Decimal Classification     College of Medicine and Health’s Sciences Library College of Medicine and Health’s Sciences Library 02/09/2022   618-C2-1999 CMHSL00009698 02/09/2022 7 02/09/2022 Books like text book referance book
    Dewey Decimal Classification     College of Medicine and Health’s Sciences Library College of Medicine and Health’s Sciences Library 02/09/2022   618-C2-1999 CMHSL00009699 02/09/2022 8 02/09/2022 Books like text book referance book
    Dewey Decimal Classification     College of Medicine and Health’s Sciences Library College of Medicine and Health’s Sciences Library 02/09/2022   618-C2-1999 CMHSL00009700 02/09/2022 9 02/09/2022 Books like text book referance book